000 00573cab a2200229 4500
001 X1271
008 090401t1994 xxu||||| |||| 00| 0 eng d
035 _a(Sirsi) u15917
041 _aeng
245 _aRICS General Council
260 _c1994
350 _a0
490 _aEstates Gazette
_v(9406) 12 February 1994, 28(1)
650 _aARBITRATIONS
650 _aFIG
650 _aGENERAL COUNCIL
650 _aPROFESSIONAL COMPETENCE
650 _aRICS
690 _aMANAGEMENT-BUSINESS MANAGEMENT-PROFESSIONAL PRACTICE
942 _n0
948 _c04/03/1997
999 _c10481
_d10481